366 esei untuk motivasi diri

Bibliographic Details
Main Author: Bremer, Sydney Newton
Format: Book
Published: Batu Caves : Thinker's Library , 2003
Subjects:

MARC

LEADER 00000cam a2200000 7i4500
001 0000087124
005 20040914.0
020 |a 9676901245 
090 0 0 |a 153.8   |b BRE 
100 1 |a Bremer, Sydney Newton 
245 1 0 |a 366 esei untuk motivasi diri   |c Sydney Newton Bremer Ph.D 
260 |a Batu Caves :   |b Thinker's Library ,   |c 2003 
300 |a 421p. ;   |c 23cm. 
650 0 0 |a Motivation (Psychology) 
999 |a 00173752   |b BUKU   |c PINJAMAN   |e PERPUSTAKAAN KOMUNITI PETALING JAYA